000 00402nam a22001577a 4500
005 20260225142421.0
008 260225b |||||||| |||| 00| 0 eng d
020 _a978-1-85326-062-9
100 _aTOLSTOY LEO
245 _aWAR AND PEACE
260 _aLONDON
_bWORDSWORTH CLASSICS
_c2001
300 _aXXIX,993P.
500 _aINCLUDES AN INDEX
650 _aNAPOLEON 1- FICTION
942 _2lcc
_cBK
999 _c216655
_d216655